Commanders Players With 1000 Scrimmage Yards - Statistics

General Stats
  • This quiz has been taken 16 times
  • The average score is 37 of 80
Answer Stats
Position (Year) Yards Player % Correct
WR (2022) 1,220 Terry McLaurin
100%
WR (2020) 1,148 Terry McLaurin
100%
WR (2024) 1,098 Terry McLaurin
100%
WR (2021) 1,065 Terry McLaurin
100%
WR (2023) 1,002 Terry McLaurin
100%
RB (1983) 1,376 John Riggins
88%
FB (1979) 1,316 John RIggins
88%
FB (1978) 1,313 John Riggins
88%
RB (1984) 1,282 John Riggins
88%
RB (2012) 1,690 Alfred Morris
81%
RB (2013) 1,353 Alfred Morris
81%
RB (2014) 1,229 Alfred Morris
81%
WR (1984) 1,390 Art Monk
81%
WR (1985) 1,277 Art Monk
81%
WR (1989) 1,194 Art Monk
81%
WR (1986) 1,095 Art Monk
81%
WR (1991) 1,068 Art Monk
81%
RB (2005) 1,732 Clinton Portis
75%
RB (2008) 1,705 Clinton Portis
75%
RB (2007) 1,651 Clinton Portis
75%
RB (2004) 1,550 Clinton Portis
75%
RB (2018) 1,250 Adrian Peterson
63%
RB (2019) 1,040 Adrian Peterson
63%
WR (2005) 1,480 Santana Moss
63%
WR (2010) 1,109 Santana Moss
63%
WR (2008) 1,071 Santana Moss
63%
WR (2014) 1,176 DeSean Jackson
56%
WR (2016) 1,005 DeSean Jackson
56%
WR (2013) 1,365 Pierre Garcon
56%
WR (2016) 1,041 Pierre Garcon
56%
RB (2021) 1,331 Antonio Gibson
50%
RB (2020) 1,042 Antonio Gibson
50%
RB (2023) 1,101 Brian Robinson Jr.
44%
WR (1983) 1,278 Charlie Brown
44%
WR (1991) 1,340 Gary Clark
44%
WR (1986) 1,265 Gary Clark
44%
WR (1989) 1,248 Gary Clark
44%
WR (1990) 1,113 Gary Clark
44%
WR (1987) 1,066 Gary Clark
44%
RB (1972) 1,689 Larry Brown
44%
RB (1970) 1,466 Larry Brown
44%
RB (1973) 1,342 Larry Brown
44%
RB (1969) 1,190 Larry Brown
44%
RB (1971) 1,124 Larry Brown
44%
RB (2001) 1,637 Stephen Davis
44%
RB (2000) 1,631 Stephen Davis
44%
RB (1999) 1,516 Stephen Davis
44%
WR (1988) 1,162 Ricky Sanders
38%
WR (1989) 1,157 Ricky Sanders
38%
RB (1996) 1,547 Terry Allen
31%
RB (1995) 1,541 Terry Allen
31%
FL (1963) 1,460 Bobby Mitchell
25%
FL (1962) 1,389 Bobby Mitchell
25%
FL/HB (1967) 1,055 Bobby Mitchell
25%
FL (1966) 1,046 Bobby Mitchell
25%
HB (1964) 1,569 Charley Taylor
25%
HB/LE (1966) 1,381 Charley Taylor
25%
WR (1994) 1,392 Henry Ellard
25%
WR (1996) 1,014 Henry Ellard
25%
WR (1995) 1,005 Henry Ellard
25%
RB (1990) 1,498 Earnest Byner
19%
RB (1991) 1,356 Earnest Byner
19%
RB (1992) 1,336 Earnest Byner
19%
RB/FB (1989) 1,038 Earnest Byner
19%
RB (2006) 1,599 Ladell Betts
19%
RB (1986) 1,227 George Rogers
13%
RB (1985) 1,122 George Rogers
13%
WR (1999) 1,226 Michael Westbrook
13%
RB (1975) 1,402 Mike Thomas
13%
RB (1976) 1,391 Mike Thomas
13%
RB (1977) 1,051 Mike Thomas
13%
WR (1999) 1,140 Albert Connell
6%
RB (1981) 1,474 Joe Washington
6%
RB (1983) 1,226 Joe Washington
6%
WR (2003) 1,243 Laveranues Coles
6%
RB (2011) 1,019 Roy Helu
6%
LH (1953) 1,050 Charlie Justice
0%
FB (1980) 1,018 Clarince Harmon
0%
RB (1993) 1,249 Reggie Brooks
0%
WR (2002) 1,007 Rod Gardner
0%
No matching quizzes found
Score Distribution
Percent of People with Each Score
Percentile by Number Answered
Your Score History
You have not taken this quiz